Ils ont eu l'Oscar du meilleur acteur - Mort Subite - Statistiques

Statistiques générales
  • Ce quiz a été pris 613 fois
    114 depuis la dernière actualisation
  • Le résultat moyen est 10 sur 40
Answers on the Grid
Answers color-coded by a green-red scale on the quiz's grid according to % correct below.
Adam Driver
Adrien Brody
Al Pacino
Anthony Hopkins
Ben Kingsley
Benedict Cumberbatch
Brad Pitt
Bradley Cooper
Brendan Fraser
Bryan Cranston
Casey Affleck
Christian Bale
Cilian Murphy
Clint Eastwood
Colin Firth
Daniel Day-Lewis
Denzel Washington
Dustin Hoffman
Eddie Redmayne
Edward Norton
F. Murray Abraham
Forest Whitaker
Gary Oldman
Geoffrey Rush
George Clooney
Gérard Depardieu
Harrison Ford
Henry Fonda
Ian McKellen
Jack Nicholson
Jamie Foxx
Jean Dujardin
Jeff Bridges
Jeremy Irons
Jesse Eisenberg
Joaquin Phoenix
John Travolta
Johnny Depp
Jude Law
Kevin Costner
Kevin Spacey
Leonardo Dicaprio
Liam Neeson
Matt Damon
Matthew McConaughey
Michael Caine
Michael Douglas
Michael Fassbender
Mickey Rourke
Morgan Freeman
Nicolas Cage
Paul Newman
Michael B.Jordan
Philip Seymour Hoffman
Pierre Niney
Rami Malek
Robert De Niro
Robert Downey Jr.
Robert Duvall
Roberto Benigni
Robin Williams
Russel Crowe
Ryan Gosling
Sean Penn
Steve Carell
Timothée Chalamet
Tom Cruise
Tom Hanks
Viggo Mortensen
Will Smith
Willem Dafoe
William Hurt
 
Statistiques - réponses
Réponse % Correct
1992, 2021 Anthony Hopkins
85%
2003, 2025 Adrien Brody
77%
1993 Al Pacino
75%
2023 Brendan Fraser
39%
2017 Casey Affleck
39%
2024 Cilian Murphy
36%
1983 Ben Kingsley
34%
1990, 2008, 2013 Daniel Day-Lewis
34%
2016 Leonardo Dicaprio
31%
2012 Jean Dujardin
28%
2020 Joaquin Phoenix
28%
2002 Denzel Washington
26%
2015 Eddie Redmayne
25%
2018 Gary Oldman
23%
1976, 1998 Jack Nicholson
23%
1980, 1989 Dustin Hoffman
21%
2007 Forest Whitaker
21%
2011 Colin Firth
20%
2005 Jamie Foxx
20%
2026 Michael B.Jordan
20%
1994, 1995 Tom Hanks
20%
2022 Will Smith
20%
2014 Matthew McConaughey
18%
2019 Rami Malek
18%
1981 Robert De Niro
18%
2000 Kevin Spacey
16%
2006 Philip Seymour Hoffman
16%
2001 Russel Crowe
16%
2004, 2009 Sean Penn
16%
1987 Paul Newman
15%
1982 Henry Fonda
13%
2010 Jeff Bridges
13%
1991 Jeremy Irons
11%
1988 Michael Douglas
11%
1999 Roberto Benigni
11%
1997 Geoffrey Rush
10%
1996 Nicolas Cage
10%
1984 Robert Duvall
10%
1985 F. Murray Abraham
8%
1986 William Hurt
8%
Aucun quiz correspondant
Distribution des résultats
% des personnes avec chaque résultat
Percentile par nombre de réponses
Votre historique - résultats
Vous n’avez pas pris ce quiz depuis la dernière actualisation